[Event "Elancourt op"]
[Site "Elancourt"]
[Date "2010.05.01"]
[Round "8"]
[White "Glorieux, Francois"]
[Black "Couradin, Jean Marie"]
[Result "0-1"]
[WhiteElo "1399"]
[BlackElo "1733"]
[PlyCount "96"]
[EventDate "2010.04.25"]
[EventType "swiss"]
[EventRounds "9"]
[EventCountry "FRA"]
[SourceTitle "CBM 136 Extra"]
[Source "ChessBase"]
[SourceDate "2010.07.02"]
[SourceVersion "2"]
[SourceVersionDate "2010.07.15"]
[SourceQuality "1"]

1. d4 d5 2. c4 c6 3. e3 Nf6 4. Nf3 e6 5. Bd3 dxc4 6. Bxc4 b5 7. Bb3 Bb7 8. 0-0 Nbd7 9. Nc3 b4 10. Na4 c5 11. dxc5 Nxc5 12. Nxc5 Bxc5 13. Ba4+ Ke7 14. Ne5 Qc7 15. Nd3 Rhd8 16. Qe2 Ba6 17. Rd1 Bd6 18. h3 Rac8 19. Rd2 Be5 20. f4 Bd6 21. Qe1 Qb6 22. Nf2 Nd5 23. Rd1 Bc5 24. e4 Ne3 25. Rxd8 Rxd8 26. Kh1 Nf1 27. Ng4 h5 28. Qh4+ Kf8 29. Ne5 Be7 30. Qe1 Kg8 31. f5 Qd4 32. Nc6 Qc5 33. Bf4 Rd3 34. Nxe7+ Qxe7 35. Qxf1 Rxh3+ 36. gxh3 Bxf1 37. Rxf1 Qh4 38. Kg2 e5 39. Bg3 Qxe4+ 40. Kh2 f6 41. Bd1 h4 42. Bf3 hxg3+ 43. Kxg3 Qd3 44. Rf2 e4 45. a3 bxa3 46. bxa3 Qxa3 47. h4 exf3 48. Rxf3 Qb4 0-1